| 000 | 00399nam a2200157Ia 4500 | ||
|---|---|---|---|
| 008 | 230917s9999||||xx |||||||||||||| ||und|| | ||
| 020 | _cPOU15 | ||
| 040 |
_e18072 _aMAIN |
||
| 041 | _aEnglish | ||
| 082 | _a380.1091717 Z19T | ||
| 100 | _aAzuperman, Alfred | ||
| 245 | 0 | _aTopics in trade coordination of planned economics | |
| 260 |
_aLondon _bMacmillan _c1980 |
||
| 300 | _a108 p. | ||
| 942 | _cBK | ||
| 999 |
_c215631 _d215631 |
||